Elements Whose Symbols Don't Match the Names - Statistics

General Stats
  • This quiz has been taken 100 times
  • The average score is 9 of 10
Answer Stats
Hint Answer % Correct
Fe Iron
98%
Au Gold
97%
K Potassium
95%
Na Sodium
95%
Ag Silver
93%
Pb Lead
87%
Sn Tin
84%
Hg Mercury
80%
W Tungsten
76%
Sb Antimony
66%
No matching quizzes found
Score Distribution
Percent of People with Each Score
Percentile by Number Answered
Your Score History
You have not taken this quiz